[Event "Mecklenburg VP LL2 West 0304"]
[Site "Mecklenburg VP"]
[Date "2003.09.28"]
[Round "1.5"]
[White "Moritz, Helmut"]
[Black "Wendt, Uwe"]
[Result "1/2-1/2"]
[WhiteElo "1944"]
[BlackElo "1757"]
[PlyCount "44"]
[EventDate "2003.09.28"]
[EventType "team-tourn"]
[EventRounds "9"]
[EventCountry "GER"]
[SourceTitle "EXT 2022"]
[Source "ChessBase"]
[SourceDate "2021.10.06"]
[SourceVersion "1"]
[SourceVersionDate "2021.10.06"]
[SourceQuality "1"]
[WhiteTeam "Rostock PSV II"]
[BlackTeam "Malchow Schachinsel"]
[WhiteTeamCountry "GER"]
[BlackTeamCountry "GER"]

1. e4 c5 2. c3 d5 3. exd5 Qxd5 4. d4 Nf6 5. Nf3 Bg4 6. Be2 e6 7. 0-0 Nc6 8. h3 Bh5 9. Be3 cxd4 10. cxd4 Be7 11. Nc3 Qd8 12. Ne5 Bxe2 13. Qxe2 0-0 14. Rfd1 Rc8 15. Rac1 Nd5 16. Nxc6 Rxc6 17. Nxd5 Qxd5 18. Rxc6 Qxc6 19. Rc1 Qd5 20. Qc4 Bd6 21. Qxd5 exd5 22. Rc3 f5 1/2-1/2